World history (Record no. 10556)

000 -LEADER
fixed length control field 00352 a2200145 4500
020 ## - INTERNATIONAL STANDARD BOOK NUMBER
International Standard Book Number 9780028233871
082 ## - DEWEY DECIMAL CLASSIFICATION NUMBER
Classification number 909
090 ## - LOCALLY ASSIGNED LC-TYPE CALL NUMBER (OCLC); LOCAL CALL NUMBER (RLIN)
-- 6729
-- 6729
245 ## - TITLE STATEMENT
Title World history
Remainder of title The human experience
Statement of responsibility, etc. Farah, Mounir.
260 ## - PUBLICATION, DISTRIBUTION, ETC.
Place of publication, distribution, etc. New York
Name of publisher, distributor, etc. McGraw Hill
Date of publication, distribution, etc. 1997
300 ## - PHYSICAL DESCRIPTION
Extent 1088
600 ## - SUBJECT ADDED ENTRY--PERSONAL NAME
Personal name Farah, Mounir.
650 ## - SUBJECT ADDED ENTRY--TOPICAL TERM
Topical term or geographic name entry element World History
942 ## - ADDED ENTRY ELEMENTS (KOHA)
Koha item type Book
Call number prefix 909 FAR
Holdings
Withdrawn status Lost status Damaged status Not for loan Permanent Location Current Location Date acquired Total Checkouts Total Renewals Full call number Barcode Date last seen Date last checked out Price effective from Koha item type
        Central Library (CL) Central Library (CL) 04/07/2021 4 2 909 FAR SEECSD00411 04/08/2026 10/11/2025 11/14/2012 Book
© 2023 Central Library, National University of Sciences and Technology. All Rights Reserved.